|
|
|
|
| LEADER |
00000nam0a2200000 4500 |
| 001 |
208547 |
| 005 |
20231101225454.0 |
| 010 |
|
|
|a 0862413109
|
| 035 |
|
|
|a (RuTPU)RU\TPU\book\227718
|
| 090 |
|
|
|a 208547
|
| 100 |
|
|
|a 20120203d1990 m y0engy50 ba
|
| 101 |
0 |
|
|a eng
|
| 102 |
|
|
|a GB
|
| 105 |
|
|
|a y z 000ay
|
| 200 |
1 |
|
|a Fergus Lamont
|f R. Jenkins
|
| 210 |
|
|
|a Edinburgh
|c Canongate Classics
|d 1990
|
| 215 |
|
|
|a 341 p.
|
| 330 |
|
|
|a From his origins as an illegitimate child in the slums of Glasgow, Fergus Lamont sets out to reclaim his inheritance and to remake his identity as soldier, poet and would-be aristocrat. Spanning the turn of the century to World War II, Fergus finally hopes to find redemption in a love affair.
|
| 606 |
1 |
|
|a Английский язык
|x Учебные руководства и пособия
|x Хрестоматии, книги для чтения
|2 stltpush
|3 (RuTPU)RU\TPU\subj\29075
|9 52487
|
| 610 |
1 |
|
|a шотландская литература
|
| 610 |
1 |
|
|a романы
|
| 610 |
1 |
|
|a приключения
|
| 610 |
1 |
|
|a аутентичные тексты
|
| 610 |
1 |
|
|a любовь
|
| 686 |
|
|
|a Ш143.21-923.8
|v LBC/SL-A
|2 rubbk
|
| 700 |
|
1 |
|a Jenkins
|b R.
|g Robin
|
| 801 |
|
1 |
|a RU
|b 63413507
|c 20120203
|
| 801 |
|
2 |
|a RU
|b 63413507
|c 20231017
|g RCR
|
| 942 |
|
|
|c BK
|